| 000 | 00420nam a2200157Ia 4500 | ||
|---|---|---|---|
| 005 | 20250703152513.0 | ||
| 008 | 240331s9999 xx 000 0 und d | ||
| 020 | _a9552103940 | ||
| 082 |
_bDUM _a891 |
||
| 100 | _aDuma,A | ||
| 245 | 0 | _aMontha kristtho situwaraya | |
| 260 |
_aNugegoda _bM.D.Gunasena & Co _c2006 |
||
| 300 | _a378 p ., | ||
| 500 | _aTranslation of Alexander Duma's The Count of Monte Cristo | ||
| 942 | _cL | ||
| 999 |
_c5366 _d5366 |
||